| 000 | 00000nam 2200000zi 4500 |
| 001 | 9.898360 |
| 003 | CaOODSP |
| 005 | 20240715111901 |
| 006 | m o d f |
| 007 | cr |n||||||||| |
| 008 | 210407s1973 onc o f000 0|eng d |
| 040 | |aCaOODSP|beng|erda|cCaOODSP |
| 043 | |an-cn--- |
| 086 | 1 |aRE22-39/1973E-PDF |
| 100 | 1 |aPage, G. Terry, |eauthor. |
| 245 | 10|aRegional disparity : |bnotes for an address to the Geography Subject Council, Ottawa, Ontario, Febraury 14, 1973 / |cby Garnet T. Page. |
| 264 | 1|a[Ottawa] : |bDepartment of Regional Economic Expansion, |c[1973] |
| 300 | |a1 online resource (29 pages) |
| 336 | |atext|btxt|2rdacontent |
| 337 | |acomputer|bc|2rdamedia |
| 338 | |aonline resource|bcr|2rdacarrier |
| 500 | |aDigitized edition from print [produced by Innovation, Science and Economic Development Canada]. |
| 500 | |aIssued also in French under title: Les inégalités régionales : allocution prononcée devant The Geography Subject Council à Ottawa (Ontario) le 14 février 1973. |
| 650 | 0|aRegional planning|zCanada. |
| 651 | 0|aCanada|xEconomic conditions. |
| 710 | 1 |aCanada. |bDepartment of Regional Economic Expansion, |eissuing body. |
| 775 | 08|tLes inégalités régionales : |w(CaOODSP)9.940578 |
| 856 | 40|qPDF|s1018 KB|uhttps://publications.gc.ca/collections/collection_2024/isde-ised/re22/RE22-39-1973-eng.pdf |